000 00492nam a22001337a 4500
005 20160325065604.0
008 120815s2013 nyua b 001 0 eng
020 _a9780071799409 (hbk. : alk. paper)
020 _a0071799400 (hbk. : alk. paper)
041 0 _aeng
080 _a339
245 1 4 _aThe mental edge in trading :
_cJason Williams ; with foreword and commentary by Larry Williams.
942 _2udc
_cBK
999 _c655
_d655